000 00917nam a2200217 a 4500
999 _c6342
_d6342
001 6342
003 BD-JhCC
005 20180121191051.0
008 180121s1995 bg a|||| |||| 000 0 mul d
035 _a(BD-JhCC)6342
040 _aBD-JhCC
_dBD-JhCC
041 _aEnglish & Bengali
082 _a004
_bCHU 1995
100 _aচৌধুরী, মোঃ জুলফিকার আলী খান
245 _aকম্পিউটার হার্ডওয়্যার এন্ড ট্রাবলসুটিং :
_bফান্ড্যামেন্ট্যাল্ অব কম্পিউটার /
_cমোঃ জুলফিকার আলী খান চৌধুরী
260 _aঢাকা :
_bজ্ঞানকোষ প্রকাশনী,
_c1995.
300 _a235 p. :
_billus,
_c21 cm.
650 _aData processing & computer science
942 _2ddc
_cBK